Normal view
MARC view
- ISLAM-LIFE OF PROPHET MUHAMMAD(PEACE BE UPON HIM)
Entry Topical Term
001 - CONTROL NUMBER
- control field: 78852
003 - CONTROL NUMBER IDENTIFIER
- control field: NUST
005 - DATE AND TIME OF LATEST TRANSACTION
- control field: 20210628210304.0
008 - FIXED-LENGTH DATA ELEMENTS
- fixed length control field: 210628|| aca||aabn | a|a d
040 ## - CATALOGING SOURCE
- Original cataloging agency: NUST
- Transcribing agency: NUST
150 ## - HEADING--TOPICAL TERM
- Topical term or geographic name entry element: ISLAM-LIFE OF PROPHET MUHAMMAD(PEACE BE UPON HIM)
670 ## - SOURCE DATA FOUND
- Source citation: Work cat.: (NUST): Ludhanvi,Maulana Muhammad Yousaf 78851, Ahad naboat kay maw-o-saal, 2004
